Harimau yang malang

Bibliographic Details
Format: Book
Published: Kuala Lumpur : Fargoes , 2005
Series:Siri cerita moral
Subjects:

MARC

LEADER 00000cam a2200000 7i4500
001 0000000275
005 20151222.0
008 070627
020 |a 9831283295 
090 0 0 |a JF   |b MOR JAW (279) 
245 0 0 |a Harimau yang malang 
260 |a Kuala Lumpur :   |b Fargoes ,   |c 2005 
440 |a Siri cerita moral 
500 |a Children ages 7-9 years old (orange) 
650 0 |a Jawi 
999 |a 0000899707   |b Book   |c Children Collection   |e Cawangan Tmn. Ungku Tun Aminah 
999 |a 0000899708   |b Book   |c Children Collection   |e Cawangan Tmn. Ungku Tun Aminah 
999 |a 0000899715   |b Book   |c Children Collection   |e Cawangan Mersing 
999 |a 0000954654   |b Book   |c Children Collection   |e Cawangan Urban Transformation Centre 
999 |a 0000954655   |b Book   |c Children Collection   |e Perbadanan Perpustakaan Awam Johor 
999 |a 0000954656   |b Book   |c Children Collection   |e Perbadanan Perpustakaan Awam Johor 
999 |a 0000954657   |b Book   |c Children Collection   |e Perbadanan Perpustakaan Awam Johor 
999 |a 0000954658   |b Book   |c Children Collection   |e Cawangan Urban Transformation Centre 
999 |a 0000988445   |b Book   |c Children Collection   |e Cawangan Bandar Penawar 
999 |a 0000988446   |b Book   |c Children Collection   |e Cawangan Bandar Penawar 
999 |a 0000988447   |b Book   |c Children Collection   |e Cawangan Pontian 
999 |a 0000988448   |b Book   |c Children Collection   |e Cawangan Pontian 
999 |a 0001215122   |b Book   |c Children Collection   |e Cawangan Tmn. Ungku Tun Aminah 
999 |a 0001215123   |b Book   |c Children Collection   |e Cawangan Segamat 
999 |a 0001215127   |b Book   |c Children Collection   |e Cawangan Taman Universiti 
999 |a 0001215128   |b Book   |c Children Collection   |e Cawangan Mersing